000 00590cab a2200229 4500
001 X1777
008 090401t1994 xxu||||| |||| 00| 0 eng d
035 _a(Sirsi) u19199
041 _aeng
100 _aHealy, M.J.
245 4 _aThe sales comparison approach and timberland valuation
260 _c1994
350 _a0
490 _aAppraisal Journal
_v62(4) October 1994, 587-595(9)
650 _aINCOME APPROACH
650 _aSALES COMPARISON APPROACH
650 _aTIMBER
690 _aRATING AND VALUATION
700 _aBergquist, K.
942 _n0
948 _c04/03/1997
999 _c12791
_d12791